header

The landlord's legal guide in Massachusetts (Record no. 98063)

MARC details
000 -LEADER
fixed length control field 01819nam a2200397 a 4500
082 04 - DEWEY DECIMAL CLASSIFICATION NUMBER
Classification number 346.74404/34
100 1# - MAIN ENTRY--AUTHOR NAME
Personal name DiBlasi, Joseph P.
245 14 - TITLE STATEMENT
Title The landlord's legal guide in Massachusetts
250 ## - EDITION STATEMENT
Edition statement 2nd ed.
260 ## - PUBLICATION, DISTRIBUTION, ETC. (IMPRINT)
Place of publication Naperville, Ill. :
Name of publisher Sphinx Pub.,
Year of publication 2004.
300 ## - PHYSICAL DESCRIPTION
Number of Pages xvii, 252 p. :
Other physical details forms.
490 1# - SERIES STATEMENT
Series statement Sphinx legal
500 ## - GENERAL NOTE
General note Includes index.
650 #0 - SUBJECT ADDED ENTRY--TOPICAL TERM
Topical Term Landlord and tenant
Topical Term Leases
Topical Term Landlord and tenant
Topical Term Leases
700 1# - ADDED ENTRY--PERSONAL NAME
Personal name Warda, Mark.
856 40 - ELECTRONIC LOCATION AND ACCESS
Uniform Resource Identifier http://site.ebrary.com/lib/rucke/Doc?id=10096089

No items available.

© 2026 Rongo University
Contact us: librarian | system librarian | Rongo university